000 02620nam0a2200445 4500
001 RU\NLR\BIBL_A\022644522
005 20260406101726.0
010 _a978-5-507-52620-8
_930
035 _a(NLR Aleph) 022644522
090 _a13532937
_c13532937
100 _a20251015d2025 u y0rusy50 ca
101 0 _arus
_deng
102 _aRU
105 _ag j 000yy
181 0 _ai3
_baxxe
182 0 _an
200 1 _aПереписка М. А. Балакирева с В. В. Стасовым
_eучебное пособие
_fМ. А. Балакирев
203 _aТекст
_bвизуальный
_cнепосредственный
205 _a2-е изд., испр.
210 _aСанкт-Петербург [и др.]
_cЛань, Планета музыки
_d2025
215 _a385, [2] с.
_cноты
_d24
300 _aАвт. указан на обороте тит. л.
300 _aРез. англ.
320 _aБиблиогр. в тексте и в подстроч. примеч.
327 1 _aВ кн. также: Переписка Балакирева и Стасова как музыкально-исторический материал / Г. Киселев
333 _a12+
464 0 _12001#$aПереписка Балакирева и Стасова как музыкально-исторический материал$fГ. Киселев
_1700#1$3RU\NLR\AUTH\770288603$aКиселев$bГ. Л.$cканд. искусствоведения$f1901-1952$gГригорий Леонидович
_tПереписка Балакирева и Стасова как музыкально-исторический материал
_aКиселев, Григорий Леонидович (канд. искусствоведения ; 1901-1952)
600 1 _aБалакирев
_bМ.А.
_f1836 - 1910
_gМилий Алексеевич
_jПереписка
_91092220
_3RU\NLR\AUTH\66109505
600 1 _aСтасов
_bВ. В.
_f1824 - 1906
_gВладимир Васильевич
_jПереписка
_91253393
_3RU\NLR\AUTH\66513479
686 1 _aЩ10г(2)53дСтасов
686 1 _aЩ31г(2)53дСтасов
686 1 _aЩ101.3(2Р)53дСтасов
686 1 _aЩ313(2Р=Рус)51-81Балакирев
700 1 _7ca
_8rus
_aБалакирев
_bМ. А.
_f1836-1910
_gМилий Алексеевич
_937453
_3RU\NLR\AUTH\7754521
701 1 _7ca
_8rus
_aСтасов
_bВ. В.
_f1824-1906
_gВладимир Васильевич
_964315
_3RU\NLR\AUTH\7781387
942 _cBOOK
980 _aNB